Southville International School and Colleges
Your cart is empty.
  • Cart
  • Lists
    Public lists Eva Luna New books Lux_list list_1
    Your lists Log in to create your own lists
  • Log in to your account
  • Your cookies
  • Search history
Southville International School and Colleges
  • Advanced search
  • Recent comments
  • Most popular
  • Libraries

Log in to your account

Log in with GOOGLE


If you do not have an external account, but do have a local account, you can still log in:

  1. Home
  2. MARC view: What i do best!
Normal view MARC view ISBD view

What i do best! (Record no. 366196)

[ view plain ]
MARC details
000 -LEADER
fixed length control field 00535nam a22001697a 4500
003 - CONTROL NUMBER IDENTIFIER
control field 0
005 - DATE AND TIME OF LATEST TRANSACTION
control field 20240910090929.0
008 - FIXED-LENGTH DATA ELEMENTS--GENERAL INFORMATION
fixed length control field 240910b xxu||||| |||| 00| 0 eng d
020 ## - INTERNATIONAL STANDARD BOOK NUMBER
International Standard Book Number 0-7944-1172-X
082 ## - DEWEY DECIMAL CLASSIFICATION NUMBER
Classification number ER
Item number .Wha5 2006
100 ## - MAIN ENTRY--PERSONAL NAME
Personal name Nolan, Allia Zobel
245 ## - TITLE STATEMENT
Title What i do best!
Statement of responsibility, etc written by Allia Zobel Nolan ; illustrated by Miki Sakamoto
260 ## - PUBLICATION, DISTRIBUTION, ETC. (IMPRINT)
Place of publication, distribution, etc New York
Name of publisher, distributor, etc Reader's Digest Children's Books
Date of publication, distribution, etc 2006
300 ## - PHYSICAL DESCRIPTION
Extent unpage :
Other physical details colored pictures and illustrations ;
Dimensions 27cm.
650 ## - SUBJECT ADDED ENTRY--TOPICAL TERM
Topical term or geographic name as entry element Picture's Book.
942 ## - ADDED ENTRY ELEMENTS (KOHA)
Source of classification or shelving scheme Dewey Decimal Classification
Koha item type Books
Holdings
Withdrawn status Lost status Source of classification or shelving scheme Damaged status Home library Current library Shelving location Date acquired Source of acquisition Sub Shelving location Total Checkouts Full call number Barcode Date last seen Price effective from Koha item type
    Dewey Decimal Classification   Munich Library Munich Library Easy Reading Section 09/10/2024 Library Fund     ER Wha5 2006 M8525 09/10/2024 09/10/2024 Books

What i do best!

APA

Nolan A. Z., . (2006). What i do best!. New York: Reader's Digest Children's Books.

Chicago

Nolan Allia Zobel, . 2006. What i do best!. New York: Reader's Digest Children's Books.

Harvard

Nolan A. Z., . (2006). What i do best!. New York: Reader's Digest Children's Books.

MLA

Nolan Allia Zobel, . What i do best!. New York: Reader's Digest Children's Books. 2006.

  • Place hold
  • Print
  • Cite
  • Add to your cart (remove)
  • Save record
    BIBTEX Dublin Core MARCXML MARC (non-Unicode/MARC-8) MARC (Unicode/UTF-8) MARC (Unicode/UTF-8, Standard) MODS (XML) RIS
  • More searches
    Search for this title in:
    Other Libraries (WorldCat) Other Databases (Google Scholar) Online Stores (Bookfinder.com) Open Library (openlibrary.org)

Exporting to Dublin Core...

SOUTHVILLE LIBRARY

Southville International School and Colleges Library

1281 Tropical Ave. Cor. Luxembourg St., BF Homes International, Las Pinas City

Tel. No. 8256374 / 252358 Loc. 117/146

Powered by Koha